Top 100 American Universities on a Map - Statistics

General Stats
  • This quiz has been taken 409 times
    386 since last reset
  • The average score is 51 of 100
Answers on the Map
Answers color-coded by a green-red scale on the quiz's map according to % correct below.
 
Answer Stats
Answer % Correct
Harvard University
87%
University of California–Los Angeles
87%
Yale University
85%
Princeton University
81%
Brown University
80%
Stanford University
80%
University of Florida
80%
Massachusetts Institute of Technology
77%
Columbia University
76%
Cornell University
75%
University of California–San Diego
75%
University of Chicago
75%
University of Georgia
74%
University of Pennsylvania
74%
New York University
73%
University of California–Berkeley
73%
Boston University
71%
Dartmouth College
71%
University of Southern California
71%
Northwestern University
70%
Duke University
68%
The Ohio State University
67%
The University of Texas–Austin
67%
Georgia Institute of Technology
66%
Indiana University–Bloomington
65%
The Pennsylvania State University
65%
University of North Carolina–Chapel Hill
65%
California Institute of Technology
64%
University of Minnesota–Twin Cities
64%
University of Notre Dame
64%
Vanderbilt University
64%
University of Michigan–Ann Arbor
63%
Georgetown University
62%
Boston College
61%
University of California–Santa Barbara
61%
Rice University
60%
Texas A&M University
60%
Virginia Tech
60%
University of Pittsburgh
59%
Michigan State University
58%
Johns Hopkins University
57%
Tulane University of Louisiana
57%
Purdue University (Main Campus)
56%
Rutgers University–Newark
56%
Rutgers University–New Brunswick
56%
Syracuse University
56%
University of Washington
56%
University at Buffalo–SUNY
55%
University of California–Irvine
55%
University of Connecticut
55%
University of Virginia
55%
Florida State University
54%
University of California–Davis
51%
University of Illinois Urbana-Champaign
51%
University of Wisconsin–Madison
51%
Northeastern University
49%
University of Delaware
49%
University of Miami
49%
University of Rochester
48%
University of Massachusetts–Amherst
45%
Wake Forest University
45%
Washington University in St. Louis
45%
Clemson University
44%
Emory University
43%
George Washington University
43%
Baylor University
42%
Carnegie Mellon University
42%
Gonzaga University
42%
North Carolina State University
42%
University of California–Santa Cruz
41%
William & Mary
41%
University of Maryland–College Park
40%
Tufts University
36%
University of South Florida
36%
University of California–Riverside
34%
Villanova University
34%
American University
33%
Southern Methodist University
33%
Binghamton University–SUNY
32%
Case Western Reserve University
32%
Lehigh University
30%
Pepperdine University
30%
Stony Brook University–SUNY
30%
Fordham University
29%
Temple University
28%
University of California–Merced
28%
Colorado School of Mines
25%
Drexel University
25%
Marquette University
25%
Santa Clara University
25%
Brandeis University
24%
Florida International University
24%
Rensselaer Polytechnic Institute
23%
Rochester Institute of Technology
23%
Howard University
19%
Loyola Marymount University
19%
New Jersey Institute of Technology
18%
University of Illinois Chicago
15%
Worcester Polytechnic Institute
14%
Stevens Institue of Technology
11%
No matching quizzes found
Score Distribution
Percent of People with Each Score
Percentile by Number Answered
Your Score History
You have not taken this quiz since the last reset